Genetic Dissection of Complex Traits
Enregistré dans:
| Auteur principal: | |
|---|---|
| Autres auteurs: | |
| Format: | Livre |
| Langue: | anglais |
| Publié: |
Amsterdam
Elsevier
2008
|
| Édition: | 2nd edition |
| Collection: | Advances in Genetics
60 |
| Sujets: | |
| Accès en ligne: | Voir à l'OPAC |
| Tags: |
Pas de tags, Soyez le premier à ajouter un tag!
|
MARC
| LEADER | 00000nam a2200000 a 4500 | ||
|---|---|---|---|
| 005 | 20260127134222.0 | ||
| 008 | 080422 2008 ne 000 0 eng d | ||
| 020 | |a 9780123738837 | ||
| 035 | |a vtls009288085 | ||
| 039 | 9 | |a 200804221355 |b mschk02 |y 200804221351 |z mschk02 | |
| 040 | |a STUSCHK1 |b slo |c STUSCHK1 |e AACR2 | ||
| 080 | |a 616/.042 | ||
| 100 | 1 | |a Rao, D.C. | |
| 245 | 1 | |a Genetic Dissection of Complex Traits |c D.C.Rao, C.Charles Gu | |
| 250 | |a 2nd edition | ||
| 260 | |a Amsterdam |b Elsevier |c 2008 | ||
| 300 | |a xxvii, 760 p. |b ill. |c 23,5 cm | ||
| 490 | 0 | |a Advances in Genetics |v 60 | |
| 650 | 0 | |a genetic epidemiology | |
| 700 | 1 | |a Gu, C. Charles | |
| 910 | |a SCHK95 | ||
| 919 | |a 978-0-12-373883-7 | ||
| 999 | |c 7016 |d 7016 | ||